Word Ladder: 36 3-Letter Words Quiz Stats

 Plays Quiz Updated Nov 29, 2016

Support Sporcle.
Go Orange.
Score 0/36 Timer 03:00
0 Plays Today
Clue 3-letter Word % Correct
Chewing candyGUM
98.9%
Workout centerGYM
98.9%
Not her, but....HIM
98.1%
Jackson albumBAD
98%
Cave animalBAT
97.8%
ToqueHAT
97.2%
To strikeHIT
96.8%
Container coverLID
95.8%
Outer edgeRIM
95.5%
Try for apples, perhapsBOB
95.4%
Cow soundMOO
95.4%
Slow runJOG
94.8%
Opposite of happySAD
94.8%
Large or immenseBIG
94.6%
A group of angry peopleMOB
94.1%
AngryMAD
94%
Baby's protection while eatingBIB
93.6%
Use a chairSIT
93.6%
Clue 3-letter Word % Correct
Mai Tai liquorRUM
93.1%
Vie for an item on eBayBID
92.9%
Lively danceJIG
91.6%
Drunk, colloquiallyLIT
90.5%
One of the Kardashian sistersKIM
90.5%
A fallen treeLOG
88.5%
Point at a targetAIM
88%
ACT competitorSAT
88%
Shoulder and hand connectorARM
87.4%
Homophone of 1+1TOO
86.8%
Empty land for buildingLOT
86%
Santa's little helperELF
85.9%
Little foxKIT
85.3%
Gordon Shumway, perhapsALF
81.3%
Chinese leaderMAO
81.1%
Dog's barkARF
79.8%
Religious text: ____ Te ChingTAO
76.3%
Antlered creatureELK
67.4%

Today's Daily Dose

You're not logged in!

Compare scores with friends on all Sporcle quizzes.
OR
Log In

From the Vault

Which Has More Episodes?

by Hejman

This is an important question to ask yourself, when picking a new TV show to watch.
Remove Ads.
Support Sporcle.
Get the best of Sporcle when you Go Orange. This ad-free experience offers more features, more stats, and more fun while also helping to support Sporcle. Thank you for becoming a member.

Show Comments

Extras

Top Quizzes Today


Score Distribution

Your Account Isn't Verified!

In order to create a playlist on Sporcle, you need to verify the email address you used during registration. Go to your Sporcle Settings to finish the process.

Report this User

Report this user for behavior that violates our Community Guidelines.

Details: